All 2017 ATP Tournament Finals - Statistics

General Stats
  • This quiz has been taken 66 times
    41 since last reset
  • The average score is 80 of 134
Answer Stats
Tournament Category Finalists % Correct
F Novak Djokovic
97%
Doha ATP 250 W Novak Djokovic
97%
Eastbourne ATP 250 W Novak Djokovic
97%
F Rafael Nadal
97%
Roland Garros Grand Slam W Rafael Nadal
97%
US Open Grand Slam W Rafael Nadal
97%
F Rafael Nadal
97%
Monte Carlo Masters 1000 W Rafael Nadal
97%
Madrid Masters 1000 W Rafael Nadal
97%
F Rafael Nadal
97%
F Rafael Nadal
97%
Barcelona ATP 500 W Rafael Nadal
97%
Beijing ATP 500 W Rafael Nadal
97%
Australian Open Grand Slam W Roger Federer
97%
Wimbledon Grand Slam W Roger Federer
97%
Indian Wells Masters 1000 W Roger Federer
97%
Miami Masters 1000 W Roger Federer
97%
F Roger Federer
97%
Shanghai Masters 1000 W Roger Federer
97%
Halle ATP 500 W Roger Federer
97%
Basel ATP 500 W Roger Federer
97%
F Stan Wawrinka
97%
F Stan Wawrinka
97%
Geneva ATP 250 W Stan Wawrinka
97%
Cincinnati Masters 1000 W Grigor Dimitrov
94%
London ATP Finals W Grigor Dimitrov
94%
Brisbane ATP 250 W Grigor Dimitrov
94%
Sofia ATP 250 W Grigor Dimitrov
94%
F Grigor Dimitrov
94%
F Marin Čilić
94%
F Marin Čilić
94%
Istanbul ATP 250 W Marin Čilić
94%
Rome Masters 1000 W Alexander Zverev
91%
Montreal Masters 1000 W Alexander Zverev
91%
F Alexander Zverev
91%
Washington ATP 500 W Alexander Zverev
91%
Montpellier ATP 250 W Alexander Zverev
91%
Munich ATP 250 W Alexander Zverev
91%
F Mikhail Zverev
91%
Dubai ATP 500 W Andy Murray
88%
F Andy Murray
88%
F Dominic Thiem
84%
Rio de Janeiro ATP 500 W Dominic Thiem
84%
F Dominic Thiem
84%
F Juan Martín del Potro
84%
Stockholm ATP 250 W Juan Martín del Potro
84%
F Kei Nishikori
84%
F Kei Nishikori
84%
F Daniil Medvedev
81%
Newport ATP 250 W John Isner
81%
Atlanta ATP 250 W John Isner
81%
F Gaël Monfils
75%
Rotterdam ATP 500 W Jo-Wilfried Tsonga
75%
F Jo-Wilfried Tsonga
75%
Marseille ATP 250 W Jo-Wilfried Tsonga
75%
Lyon ATP 250 W Jo-Wilfried Tsonga
75%
Antwerp ATP 250 W Jo-Wilried Tsonga
75%
F Milos Raonic
75%
F Milos Raonic
75%
F David Goffin
72%
F David Goffin
72%
Tokyo ATP 500 W David Goffin
72%
F David Goffin
72%
Shenzhen ATP 250 W David Goffin
72%
F Kevin Anderson
72%
F Kevin Anderson
72%
F Nick Kyrgios
72%
F Nick Kyrgios
72%
Gstaad ATP 250 W Fabio Fognini
69%
F Fabio Fognini
69%
Paris Masters 1000 W Jack Sock
66%
Auckland ATP 250 W Jack Sock
66%
Delray Beach ATP 250 W Jack Sock
66%
Båstad ATP 250 W David Ferrer
59%
Chennai ATP 250 W Roberto Bautista Agut
59%
Winston-Salem ATP 250 W Roberto Bautista Agut
59%
Acapulco ATP 500 W Sam Querrey
59%
Los Cabos ATP 250 W Sam Querrey
59%
F Albert Ramos-Viñolas
56%
F Albert Ramos Viñolas
56%
Umag ATP 250 W Andrey Rublev
56%
F Pablo Carreño Busta
56%
Estoril ATP 250 W Pablo Carreño Busta
56%
F Tomáš Berdych
56%
F Fernando Verdasco
53%
F Richard Gasquet
53%
F Diego Schwartzman
47%
Queen's Club ATP 500 W Feliciano López
47%
F Feliciano López
47%
F Filip Krajinović
41%
Vienna ATP 500 W Lucas Pouille
41%
F Lucas Pouille
41%
Budapest ATP 250 W Lucas Pouille
41%
Stuttgart ATP 250 W Lucas Pouille
41%
F Adrian Mannarino
38%
F Adrian Mannarino
38%
Marrakech ATP 250 W Borna Ćorić
38%
F Ivo Karlović
34%
São Paulo ATP 250 W Pablo Cuevas
34%
F Philipp Kohlschreiber
28%
Kitzbühel ATP 250 W Philipp Kohlschreiber
28%
Buenos Aires ATP 250 W Alexandr Dolgopolov
25%
F Alexandr Dolgopolov
25%
F Alexandr Dolgopolov
25%
F Benoît Paire
25%
F Florian Mayer
25%
F Guido Pella
25%
Hamburg ATP 500 W Leonardo Mayer
25%
Houston ATP 250 W Steve Johnson
22%
F João Sousa
16%
F João Sousa
16%
F Thanasi Kokkinakis
13%
F Daniel Evans
9%
Chengdu ATP 250 W Denis Istomin
9%
Sydney ATP 250 W Gilles Müller
9%
F Gilles Müller
9%
's-Hertogenbosch ATP 250 W Gilles Müller
9%
F Marcos Baghdatis
9%
F Nikoloz Basilashvili
9%
F Paolo Lorenzi
9%
F Paulo Lorenzi
9%
Antalya ATP 250 W Yūichi Sugita
9%
F Damir Džumhur
6%
St. Petersburg ATP 250 W Damir Džumhur
6%
Moscow ATP 250 W Damir Džumhur
6%
F Ričardas Berankis
6%
F Thomaz Bellucci
6%
Quito ATP 250 W Víctor Estrella Burgos
6%
F Aljaž Bedene
3%
Memphis ATP 250 W Ryan Harrison
3%
F Ryan Harrison
3%
F Yannick Hanfmann
3%
F Matthew Ebden
0%
Metz ATP 250 W Peter Gojowczyk
0%
No matching quizzes found
Score Distribution
Percent of People with Each Score
Percentile by Number Answered
Your Score History
You have not taken this quiz since the last reset